<?xml version="1.0" encoding="UTF-8"?>
<record
    xmlns:xsi="http://www.w3.org/2001/XMLSchema-instance"
    xsi:schemaLocation="http://www.loc.gov/MARC21/slim http://www.loc.gov/standards/marcxml/schema/MARC21slim.xsd"
    xmlns="http://www.loc.gov/MARC21/slim">

  <leader>02798nam a2200469 a 4500</leader>
  <controlfield tag="005">20240412120415.0</controlfield>
  <controlfield tag="008">100913t2012||||sp     f |||| 001 0 spa d</controlfield>
  <datafield tag="020" ind1=" " ind2=" ">
    <subfield code="a">9788447038923</subfield>
  </datafield>
  <datafield tag="041" ind1=" " ind2=" ">
    <subfield code="a">spa</subfield>
  </datafield>
  <datafield tag="092" ind1=" " ind2=" ">
    <subfield code="c">174</subfield>
    <subfield code="l">10</subfield>
    <subfield code="s">CAS</subfield>
  </datafield>
  <datafield tag="100" ind1="1" ind2=" ">
    <subfield code="a">Casado, Maria</subfield>
    <subfield code="e">Coord.</subfield>
    <subfield code="9">3052</subfield>
  </datafield>
  <datafield tag="245" ind1=" " ind2=" ">
    <subfield code="a">Cuestiones de bio&#xE9;tica en y desde Latinoam&#xE9;rica /  </subfield>
    <subfield code="c">Maria Casado</subfield>
  </datafield>
  <datafield tag="250" ind1=" " ind2=" ">
    <subfield code="a">1a ed.</subfield>
  </datafield>
  <datafield tag="260" ind1=" " ind2=" ">
    <subfield code="a">Navarra [Espa&#xF1;a]: </subfield>
    <subfield code="b">Aranzadi ; Civitas ; UNESCO;</subfield>
    <subfield code="c">2012.</subfield>
  </datafield>
  <datafield tag="300" ind1=" " ind2=" ">
    <subfield code="a">469 p.</subfield>
  </datafield>
  <datafield tag="500" ind1=" " ind2=" ">
    <subfield code="a">Casado, M. y Luna, F. (2015). Cuestiones de bio&#xE9;tica en y desde Latinoam&#xE9;rica. (4a ed.). Espa&#xF1;a : Aranzadi : Civitas; UNESCO.</subfield>
  </datafield>
  <datafield tag="653" ind1=" " ind2=" ">
    <subfield code="a">Ley, religi&#xF3;n y bio&#xE9;tica: cuestiones &#xE1;lgidas en latinoam&#xE9;rica</subfield>
  </datafield>
  <datafield tag="653" ind1=" " ind2=" ">
    <subfield code="a">Bio&#xE9;tica, laicidad y deliberacion p&#xFA;blica</subfield>
  </datafield>
  <datafield tag="653" ind1=" " ind2=" ">
    <subfield code="a">Bio&#xE9;tica en contextos de violencia extrema: vivir y morir en Juarez</subfield>
  </datafield>
  <datafield tag="653" ind1=" " ind2=" ">
    <subfield code="a">Pensar la salud en Latinoamerica: pobreza, desigualdad, justicia y los determinantes sociales de la salud</subfield>
  </datafield>
  <datafield tag="653" ind1=" " ind2=" ">
    <subfield code="a">Desarrollo de la bio&#xE9;tica en latinoamerica. Una visi&#xF3;n desde Argentina</subfield>
  </datafield>
  <datafield tag="653" ind1=" " ind2=" ">
    <subfield code="a">Teor&#xED;a a la pr&#xE1;ctica: disonancias entre la formaci&#xF3;n bio&#xE9;tica y la pr&#xE1;ctica de la atenci&#xF3;n de la salud en latinoam&#xE9;rica. Una perspectiva desde Argentina</subfield>
  </datafield>
  <datafield tag="653" ind1=" " ind2=" ">
    <subfield code="a">Objeci&#xF3;n de conciencia y aborto: derechos y deberes de los m&#xE9;dicos respecto de la salud p&#xFA;blica en Brasil </subfield>
  </datafield>
  <datafield tag="653" ind1=" " ind2=" ">
    <subfield code="a">Bio&#xE9;tica y aborto en Am&#xE9;rica Latina</subfield>
  </datafield>
  <datafield tag="653" ind1=" " ind2=" ">
    <subfield code="a">Algunas consideraciones &#xE9;ticas en la pr&#xE1;ctica de la reproducci&#xF3;n asistida en latinoam&#xE9;rica</subfield>
  </datafield>
  <datafield tag="653" ind1=" " ind2=" ">
    <subfield code="a">O direito de vir-a-ser depois de nascido</subfield>
  </datafield>
  <datafield tag="653" ind1=" " ind2=" ">
    <subfield code="a">Problemas bio&#xE9;ticos en infancia y adolescencia en latinoam&#xE9;rica</subfield>
  </datafield>
  <datafield tag="653" ind1=" " ind2=" ">
    <subfield code="a">Aspectos &#xE9;ticos del uso de tecnolog&#xED;as gen&#xE9;ticas para la salud y la identificaci&#xF3;n humana en latinoam&#xE9;rica</subfield>
  </datafield>
  <datafield tag="653" ind1=" " ind2=" ">
    <subfield code="a">G&#xE9;nero y bio&#xE9;tica: el impacto de los trastornos gen&#xE9;ticos en las familias y las mujeres</subfield>
  </datafield>
  <datafield tag="653" ind1=" " ind2=" ">
    <subfield code="a">Trasplantes de &#xF3;rganos en latinoam&#xE9;rica</subfield>
  </datafield>
  <datafield tag="653" ind1=" " ind2=" ">
    <subfield code="a">Envelhecimiento e bio&#xE9;tica</subfield>
  </datafield>
  <datafield tag="653" ind1=" " ind2=" ">
    <subfield code="a">Salud p&#xFA;blica en Am&#xE9;rica latina</subfield>
  </datafield>
  <datafield tag="653" ind1=" " ind2=" ">
    <subfield code="a">Derecho de acceso a los medicamentos: su reconocimiento y las barreras puestas a su ejercicio</subfield>
  </datafield>
  <datafield tag="653" ind1=" " ind2=" ">
    <subfield code="a">Etica em pesquisa envolvendo seres humanos: um modelo sul-americano</subfield>
  </datafield>
  <datafield tag="653" ind1=" " ind2=" ">
    <subfield code="a">Investigaci&#xF3;n transnacional: contexto y horizontes &#xE9;ticos</subfield>
  </datafield>
  <datafield tag="653" ind1=" " ind2=" ">
    <subfield code="a">Etica e investigaci&#xF3;n social. Desafios para latinoam&#xE9;rica</subfield>
  </datafield>
  <datafield tag="653" ind1=" " ind2=" ">
    <subfield code="a">Etica de la investigaci&#xF3;n en poblaciones originarias</subfield>
  </datafield>
  <datafield tag="653" ind1=" " ind2=" ">
    <subfield code="a">Violencia familiar y sexual: desafios actuales para la investigaci&#xF3;n en latinoam&#xE9;rica</subfield>
  </datafield>
  <datafield tag="653" ind1=" " ind2=" ">
    <subfield code="a">Cuesti&#xF3;n de los animales en latinoam&#xE9;rica. especial referencia a los animales utilizados en la investigaci&#xF3;n cient&#xED;fica y otras aplicaciones t&#xE9;cnicas</subfield>
  </datafield>
  <datafield tag="700" ind1="1" ind2=" ">
    <subfield code="a">Luna, Florencia</subfield>
    <subfield code="e">Coord.</subfield>
    <subfield code="9">1300</subfield>
  </datafield>
  <datafield tag="942" ind1=" " ind2=" ">
    <subfield code="2">ddc</subfield>
    <subfield code="c">BK</subfield>
  </datafield>
  <datafield tag="999" ind1=" " ind2=" ">
    <subfield code="c">2247</subfield>
    <subfield code="d">2247</subfield>
  </datafield>
  <datafield tag="952" ind1=" " ind2=" ">
    <subfield code="0">0</subfield>
    <subfield code="1">0</subfield>
    <subfield code="2">ddc</subfield>
    <subfield code="4">0</subfield>
    <subfield code="7">0</subfield>
    <subfield code="a">BFM</subfield>
    <subfield code="b">BFM</subfield>
    <subfield code="c">CR</subfield>
    <subfield code="d">2016-03-17</subfield>
    <subfield code="e">Donaci&#xF3;n Macias, Alejandra. Marzo 2016</subfield>
    <subfield code="l">2</subfield>
    <subfield code="o">174 10 CAS</subfield>
    <subfield code="p">3645</subfield>
    <subfield code="r">2024-08-30</subfield>
    <subfield code="s">2024-08-23</subfield>
    <subfield code="t">Ej.1</subfield>
    <subfield code="w">2016-03-17</subfield>
    <subfield code="y">BK</subfield>
    <subfield code="z">Donaci&#xF3;n Macias, Alejandra. Marzo 2016</subfield>
  </datafield>
</record>
